Zisk

Detalles Bibliográficos
Formato: Revista
Lenguaje:eslovaco
Publicado: [Eslovaquia] : [s.n.], 2009 -
Materias:
Acceso en línea:Acceso restringido

MARC

LEADER 00000nas a22000007a 4500
005 20110922093443.0
008 110920c20099999xo mn|p|s|||| 00| 1slo d
035 |a 4756 
040 |a vLex 
090 |c 2516  |d 2516 
245 0 0 |a Zisk   |h [Recurso electrn̤ico] 
256 |a Servicio en ln̕ea. 
260 |a [Eslovaquia] :  |b [s.n.],  |c 2009 -  
300 |a 1 recurso electrn̤ico 
310 |a Mensual 
506 1 |a Contenido solo disponible en los productos indicados  |d vLex Global  |d vLex Global (Academic Edition, excluding Law Schools)  |d vLex Global (U.S. Academic Edition, Law Schools)  |d vLex Global (U.S. Academic Edition, excluding Law Schools)  |d vLex Global (Academic Edition, Law Schools) 
650 0 4 |a Derecho civil  |z Eslovaquia 
740 0 |a vLex Revistas (Servicio en ln̕ea) 
856 4 0 |u http://vlex.com/source/4756  |z Acceso restringido 
942 |c REV